00907nam a22002057a 450000500170000000800410001702000220005804000080008005000170008810000030010524500830010825000060019126000340019730000180023133700100024933800140025950000310027352103610030465000360066520231102151633.0140124t2012 xxu | |||| 00| 0 esp d a978-607-7971-78-8 eRDA aK52 C67 20121010aMetodología Jurídica Ib: una introducción filosóficac/ Oscar Correas a2 aMéxicob: Fontamarac, 2012 a249 páginas atexto asin medio aLicenciatura Max 14 004851 aPrólogo Capítulo 1 El racionalismo absoluto Capítulo 2 Las concecuencias del racionalismo absoluto Capítulo 3 El positivismo y el mundo moderno Capítulo 4 La filosofía analítica y la filosofía jurídica Capítulo 5 Las ciencias del espiritu y la hermenéutica Capítulo 6 La argumentación jurídica Nota final Nota bibliográfica  2DERECHOxMETODOLOGÍA JURIDICA